All Monaco GP Winners - Statistics

General Stats
  • This quiz has been taken 41 times
  • The average score is 58 of 82
Answer Stats
Year Constructor Driver Nationality % Correct
2019 Mercedes Lewis Hamilton UK
100%
2016 Mercedes Lewis Hamilton UK
100%
2008 McLaren Lewis Hamilton UK
100%
2023 Red Bull Max Verstappen Netherlands
97%
2021 Red Bull Max Verstappen Netherlands
97%
2009 Brawn Jenson Button UK
94%
1983 Williams Keke Rosberg Finland
94%
2025 McLaren Lando Norris UK
94%
2001 Ferrari Michael Schumacher Germany
94%
1999 Ferrari Michael Schumacher Germany
94%
1997 Ferrari Michael Schumacher Germany
94%
1995 Benetton Michael Schumacher Germany
94%
1994 Benetton Michael Schumacher Germany
94%
2015 Mercedes Nico Rosberg Germany
94%
2014 Mercedes Nico Rosberg Germany
94%
2013 Mercedes Nico Rosberg Germany
94%
1993 McLaren Ayrton Senna Brazil
91%
1992 McLaren Ayrton Senna Brazil
91%
1991 McLaren Ayrton Senna Brazil
91%
1990 McLaren Ayrton Senna Brazil
91%
1989 McLaren Ayrton Senna Brazil
91%
1987 Lotus Ayrton Senna Brazil
91%
2024 Ferrari Charles Leclerc Monaco
91%
2018 Red Bull Daniel Ricciardo Australia
91%
2017 Ferrari Sebastian Vettel Germany
91%
2011 Red Bull Sebastian Vettel Germany
91%
2022 Red Bull Sergio Pérez Mexico
91%
1988 McLaren Alain Prost France
86%
1986 McLaren Alain Prost France
86%
1985 McLaren Alain Prost France
86%
1984 McLaren Alain Prost France
86%
2012 Red Bull Mark Webber Australia
86%
2010 Red Bull Mark Webber Australia
86%
1976 Ferrari Niki Lauda Austria
86%
1975 Ferrari Niki Lauda Austria
86%
2007 McLaren Fernando Alonso Spain
83%
2006 Renault Fernando Alonso Spain
83%
2005 McLaren Kimi Räikkönen Finland
83%
1981 Ferrari Gilles Villeneuve Canada
77%
1969 Lotus Graham Hill UK
77%
1968 Lotus Graham Hill UK
77%
1965 BRM Graham Hill UK
77%
1964 BRM Graham Hill UK
77%
1963 BRM Graham Hill UK
77%
1957 Maserati Juan Manuel Fangio Argentina
77%
1950 Alfa Romeo Juan Manuel Fangio Argentina
77%
2003 Williams Juan Pablo Montoya Colombia
77%
1998 McLaren Mika Häkkinen Finland
74%
1959 Cooper Jack Brabham Australia
71%
1973 Tyrrell Jackie Stewart UK
71%
1971 Tyrrell Jackie Stewart UK
71%
1966 BRM Jackie Stewart UK
71%
2004 Renault Jarno Trulli Italy
66%
1970 Lotus Jochen Rindt Austria
66%
1979 Ferrari Jody Scheckter South Africa
66%
1977 Ferrari Jody Scheckter South Africa
66%
2002 McLaren David Coulthard UK
63%
2000 McLaren David Coulthard UK
63%
1962 Cooper Bruce McLaren New Zealand
60%
1967 Brabham Denny Hulme New Zealand
57%
1996 Ligier Olivier Panis France
57%
1974 Lotus Ronnie Peterson Sweden
57%
1980 Williams Carlos Reutemann Argentina
54%
1948 Maserati Giuseppe Farina Italy
54%
1961 Lotus Stirling Moss UK
54%
1960 Lotus Stirling Moss UK
54%
1956 Maserati Stirling Moss UK
54%
1982 Brabham Riccardo Patrese Italy
51%
1935 Mercedes Luigi Fagioli Italy
43%
1958 Cooper Maurice Trintignant France
43%
1955 Ferrari Maurice Trintignant France
43%
1972 BRM Jean-Pierre Beltoise France
37%
1931 Bugatti Louis Chiron Monaco
37%
1978 Tyrrell Patrick Depailler France
34%
1936 Mercedes Rudolf Caracciola Germany
23%
1932 Alfa Romeo Tazio Nuvolari Italy
23%
1929 Bugatti William Grover-Williams UK
14%
1937 Mercedes Manfred von Brauchitsch Germany
11%
1930 Bugatti René Dreyfus France
11%
1952 Ferrari Vittorio Marzotto Italy
11%
1933 Bugatti Achille Varzi Italy
9%
1934 Alfa Romeo Guy Moll France
9%
No matching quizzes found
Score Distribution
Percent of People with Each Score
Percentile by Number Answered
Your Score History
You have not taken this quiz